[Event "?"]
[Site "?"]
[Date "2016.08.12"]
[Round "1.1"]
[White "Gburek, Jürgen"]
[Black "Michels, Fabio"]
[Result "1-0"]
[WhiteElo "1747"]
[BlackElo "1824"]
[PlyCount "61"]
[EventDate "2016.??.??"]
[WhiteTeam "SVG Übach-Palenberg"]
[BlackTeam "SG Mörsdorf-Lahr"]

1. e4 c5 2. c3 d6 3. d4 cxd4 4. cxd4 g6 5. Nf3 Bg7 6. Nc3 Nf6 7. Be2 O-O 8. O-O
b6 9. Be3 Bb7 10. d5 e6 11. dxe6 fxe6 12. Ng5 Qe7 13. Bc4 d5 14. exd5 exd5 15.
Nxd5 Nxd5 16. Bxd5+ Kh8 17. Ne6 Rf5 18. Bxb7 Qxb7 19. Qd8+ Bf8 20. Nc7 Nc6 21.
Qxa8 Qxc7 22. Rac1 Qb8 23. Qxc6 Bd6 24. Qc8+ Qxc8 25. Rxc8+ Kg7 26. Bd4+ Kf7
27. Re1 Rd5 28. Bc3 Rf5 29. g3 Bc5 30. Re2 Bd6 31. Rd8 1-0

[Event "?"]
[Site "?"]
[Date "2016.08.12"]
[Round "1.2"]
[White "Thierkopf, Guido"]
[Black "Zilberman, Rodion"]
[Result "0-1"]
[WhiteElo "1735"]
[BlackElo "1922"]
[PlyCount "96"]
[EventDate "2016.??.??"]
[WhiteTeam "Brühler SK"]
[BlackTeam "SF Köln-Longerich"]

1. e4 e6 2. d4 d5 3. e5 c5 4. c3 Nc6 5. Bb5 Qb6 6. Bxc6+ bxc6 7. Ne2 cxd4 8.
cxd4 Ba6 9. Nbc3 Bb4 10. O-O Ne7 11. a3 Bxc3 12. bxc3 O-O 13. Bg5 Ng6 14. Re1
Rab8 15. Nf4 Nxf4 16. Bxf4 Qb3 17. Qg4 Qc2 18. Bh6 Qg6 19. Qxg6 hxg6 20. Bg5
Rb3 21. Be7 Rfb8 22. Bb4 Bc4 23. h4 Rb5 24. a4 Rb7 25. f3 Bd3 26. Kf2 Rb2+ 27.
Ke3 Bc4 28. g3 Kh7 29. Rh1 f6 30. Rab1 Rxb1 31. Rxb1 a5 32. Kf4 axb4 33. cxb4
Kg8 34. g4 Rf7 35. exf6 gxf6 36. Re1 Re7 37. g5 Kf7 38. Kg4 Rb7 39. Rb1 e5 40.
gxf6 exd4 41. Kg5 Rb8 42. Re1 Rb7 43. f4 d3 44. f5 gxf5 45. h5 Bb3 46. h6 d2
47. Re7+ Rxe7 48. fxe7 d1=Q 0-1

[Event "?"]
[Site "?"]
[Date "2016.08.12"]
[Round "1.3"]
[White "Sewald, Richard"]
[Black "Sewald, Jörg"]
[Result "1-0"]
[WhiteElo "1736"]
[BlackElo "1568"]
[PlyCount "87"]
[EventDate "2016.??.??"]
[WhiteTeam "SG Porz"]
[BlackTeam "SF Esch"]

1. Nf3 g6 2. d3 b6 3. g3 d6 4. Bg2 Bb7 5. c3 e6 6. e4 h6 7. Nbd2 Bg7 8. h3 Nd7
9. Nb3 Ne7 10. Nbd4 d5 11. exd5 Nxd5 12. Ne2 Qf6 13. d4 Ne3 14. fxe3 Bxf3 15.
Rf1 Bxe2 16. Qxe2 Qd8 17. Bxa8 Qxa8 18. Qf3 Qxf3 19. Rxf3 Nf6 20. Bd2 Ne4 21.
h4 f5 22. O-O-O g5 23. Rg1 gxh4 24. gxh4 Bf6 25. Rf4 Kf7 26. Rxe4 fxe4 27. Rg4
h5 28. Rxe4 Rg8 29. Be1 Rg4 30. Rxg4 hxg4 31. Kd1 e5 32. Bg3 e4 33. Ke2 c6 34.
Kf2 Kg6 35. b3 Kh5 36. c4 Bxh4 37. d5 cxd5 38. cxd5 Bd8 39. Bb8 a6 40. d6 Kh4
41. Bc7 Bg5 42. d7 Kh3 43. Bxb6 g3+ 44. Kg1 1-0

[Event "?"]
[Site "?"]
[Date "2016.08.12"]
[Round "1.4"]
[White "Stüwe, Holger"]
[Black "Rebischke, Florian"]
[Result "0-1"]
[WhiteElo "1550"]
[BlackElo "1826"]
[PlyCount "94"]
[EventDate "2016.??.??"]
[WhiteTeam "vereinslos"]
[BlackTeam "Godesberger SK"]

1. c4 Nf6 2. g3 e6 3. Bg2 Be7 4. Nc3 Nc6 5. Nf3 d5 6. d4 O-O 7. O-O h6 8. b3
Bb4 9. Bb2 Bxc3 10. Bxc3 Ne4 11. Qc2 f5 12. Nd2 Qf6 13. Nxe4 fxe4 14. Rad1 a5
15. Bxe4 dxe4 16. d5 Nb4 17. Qd2 Qe7 18. a3 Na6 19. Bxa5 b6 20. Bc3 Qxa3 21. b4
Qb3 22. Qd4 Rf6 23. Rb1 Qc2 24. Rb2 Qa4 25. Rbb1 Qd7 26. Ra1 Bb7 27. b5 Nc5 28.
Rxa8+ Bxa8 29. Ra1 Rf8 30. dxe6 Qxd4 31. Bxd4 Nxe6 32. Be5 g5 33. Ra7 Rc8 34.
Kf1 g4 35. Ke1 Kf8 36. Kd2 Ke8 37. Ke1 h5 38. e3 Kd7 39. Ke2 Nc5 40. Bxc7 Rxc7
41. Rxa8 Nd3 42. Ra6 Rxc4 43. Rxb6 Rc2+ 44. Kd1 Rxf2 45. Rh6 Rxh2 46. b6 Kc8
47. Rh7 Kb8 0-1

[Event "?"]
[Site "?"]
[Date "2016.08.12"]
[Round "1.5"]
[White "Liebsch, Ulrich"]
[Black "Beißel, Daniel"]
[Result "1/2-1/2"]
[WhiteElo "1777"]
[BlackElo "1534"]
[PlyCount "89"]
[EventDate "2016.??.??"]
[WhiteTeam "SC Bayer Leverkusen"]
[BlackTeam "SV Horrem"]

1. c4 Nf6 2. Nc3 g6 3. d4 d5 4. e3 Bg7 5. Nf3 O-O 6. Be2 c6 7. O-O Bg4 8. Qb3
b6 9. h3 Be6 10. Bd2 dxc4 11. Bxc4 Bxc4 12. Qxc4 Nfd7 13. Rfd1 c5 14. d5 Ne5
15. Nxe5 Bxe5 16. f4 Bg7 17. e4 Qc8 18. e5 Qa6 19. Qe4 Qb7 20. a4 f6 21. Rf1
fxe5 22. fxe5 Nd7 23. Bf4 a6 24. Rae1 b5 25. axb5 axb5 26. Qd3 c4 27. Qd4 b4
28. Ne2 Qa7 29. Kh1 Qxd4 30. Nxd4 Ra2 31. Ne6 Re8 32. Nxg7 Kxg7 33. Bc1 Nb6 34.
Rd1 Ra5 35. Rf4 Rxd5 36. Rxd5 Nxd5 37. Rxc4 Rb8 38. Bd2 Kf7 39. Rc6 b3 40. Kh2
Rb6 41. Rxb6 Nxb6 42. Kg3 Nc4 43. Bc3 Ke6 44. Kf4 h6 45. Ke4 1/2-1/2

[Event "?"]
[Site "?"]
[Date "2016.08.12"]
[Round "1.6"]
[White "Ipekyilmaz, Mert"]
[Black "Kürten, Lothar"]
[Result "1/2-1/2"]
[WhiteElo "1489"]
[BlackElo "1635"]
[PlyCount "55"]
[EventDate "2016.??.??"]
[WhiteTeam "Langenfelder SF"]
[BlackTeam "SF Köln-Longerich"]

1. e4 e6 2. d4 d5 3. exd5 exd5 4. Bd3 Nc6 5. Ne2 Nf6 6. Nbc3 a6 7. Bg5 Be7 8.
O-O Nb4 9. h3 Nxd3 10. Qxd3 O-O 11. Rfe1 c6 12. Qe3 Re8 13. Nf4 Bd7 14. Qd2 h6
15. Bxf6 Bxf6 16. Rxe8+ Bxe8 17. Qd3 Qc7 18. Nce2 Bg5 19. Qg3 Qe7 20. Kf1 Bd7
21. Nh5 Re8 22. Re1 Bf5 23. f4 Bg6 24. fxg5 Bxh5 25. Nf4 Qxe1+ 26. Qxe1 Rxe1+
27. Kxe1 Bg6 28. Nxg6 1/2-1/2

[Event "?"]
[Site "?"]
[Date "2016.08.12"]
[Round "1.7"]
[White "Ipekyilmaz, Tayfun"]
[Black "Meyer zu Kniendorf, Jochen"]
[Result "1/2-1/2"]
[WhiteElo "1700"]
[BlackElo "1701"]
[PlyCount "71"]
[EventDate "2016.??.??"]
[WhiteTeam "Langenfelder SF"]
[BlackTeam "Düsseldorfer SK"]

1. e4 g6 2. d4 Bg7 3. c4 c5 4. d5 d6 5. Nc3 e5 6. Nf3 Ne7 7. Bg5 h6 8. Be3 f5
9. Bd3 f4 10. Bd2 a6 11. Qe2 Nd7 12. O-O-O Nb6 13. g3 g5 14. gxf4 exf4 15. e5
Bg4 16. e6 Qc7 17. Rdg1 Bxf3 18. Qxf3 O-O-O 19. h4 Bf6 20. Ne4 Be5 21. hxg5 Na4
22. Bc3 Nxc3 23. Nxc3 Qa5 24. Bb1 hxg5 25. Rxh8 Rxh8 26. Rxg5 Qb4 27. Rh5 Rg8
28. Rh1 Qxc4 29. Bd3 Qb4 30. a3 Qa5 31. Be4 b5 32. Rh7 Kd8 33. Ne2 b4 34. Qb3
Qb6 35. Qa4 Qb7 36. Rf7 1/2-1/2

[Event "?"]
[Site "?"]
[Date "2016.08.12"]
[Round "1.8"]
[White "Radovinski, Jewgeni"]
[Black "Gnass, Arno"]
[Result "1-0"]
[WhiteElo "1487"]
[BlackElo "1782"]
[PlyCount "131"]
[EventDate "2016.??.??"]
[WhiteTeam "SG Porz"]
[BlackTeam "Bergische SF"]

1. e4 c6 2. c4 d5 3. exd5 cxd5 4. cxd5 Nf6 5. Nc3 Nbd7 6. Nf3 Nb6 7. Bb5+ Bd7
8. Bxd7+ Qxd7 9. d4 Nbxd5 10. O-O e6 11. Ne5 Nxc3 12. bxc3 Qc7 13. Qa4+ Nd7 14.
Bf4 Qc8 15. d5 f6 16. dxe6 fxe5 17. Bxe5 Qc6 18. exd7+ Qxd7 19. Qe4 O-O-O 20.
Qc4+ Qc6 21. Qxc6+ bxc6 22. Rab1 Rd5 23. f4 Rg8 24. Rb8+ Kd7 25. Rb7+ Ke6 26.
Re1 Kf5 27. h3 h5 28. Kh2 Ra5 29. Re2 a6 30. Bc7 Rd5 31. Re5+ Rxe5 32. Bxe5 g5
33. g3 gxf4 34. Bxf4 h4 35. Rb6 Bc5 36. Rxc6 Bf2 37. Kg2 hxg3 38. Bd6 a5 39.
Bc5 Be1 40. Bd4 Re8 41. Rc5+ Ke4 42. Rxa5 Re7 43. a4 Re8 44. Rb5 Bd2 45. Kxg3
Rg8+ 46. Kf2 Kd3 47. a5 Rf8+ 48. Kg3 Bf4+ 49. Kg4 Ke4 50. a6 Bc7 51. Kg5 Rg8+
52. Kf6 Rh8 53. Rb7 Rh6+ 54. Ke7 Rh7+ 55. Ke6 Rh6+ 56. Bf6 Bb6 57. a7 Bxa7 58.
Rxa7 Rxh3 59. Ra4+ Kd3 60. Rd4+ Kc2 61. c4 Kb3 62. c5 Rc3 63. Kd6 Rg3 64. c6
Rg6 65. Ke6 Kc3 66. Rg4+ 1-0

[Event "?"]
[Site "?"]
[Date "2016.08.12"]
[Round "1.9"]
[White "Havenith, Michael"]
[Black "Kolbasnikov, Igor"]
[Result "1-0"]
[WhiteElo "1630"]
[BlackElo "1475"]
[PlyCount "21"]
[EventDate "2016.??.??"]
[WhiteTeam "SV Würselen"]
[BlackTeam "SF Köln-Longerich"]

1. c4 Nf6 2. Nc3 e5 3. Nf3 d6 4. g3 Bf5 5. d3 h6 6. Bg2 c6 7. O-O Qc8 8. Bd2
Bh3 9. b4 h5 10. Ng5 h4 11. Bxh3 1-0

[Event "?"]
[Site "?"]
[Date "2016.08.12"]
[Round "1.10"]
[White "Gail, Edgar"]
[Black "Plitt, Stefan"]
[Result "0-1"]
[WhiteElo "1688"]
[BlackElo "1623"]
[PlyCount "62"]
[EventDate "2016.??.??"]
[WhiteTeam "Klub Kölner SF"]
[BlackTeam "SV Grünfeld"]

1. e4 d5 2. exd5 Nf6 3. d4 Bg4 4. f3 Bf5 5. c4 c6 6. Qa4 Bd7 7. Qb3 cxd5 8.
cxd5 Qc8 9. Nc3 e6 10. Bc4 exd5 11. Nxd5 Nxd5 12. Bxd5 Be6 13. Qxb7 Bb4+ 14.
Kf2 Bxd5 15. Qxd5 O-O 16. Qxa8 Qc2+ 17. Kg3 Be1+ 18. Kh3 Nc6 19. Qb7 Qf2 20.
Bg5 h6 21. Qxc6 hxg5 22. Qe4 f5 23. Qxe1 g4+ 24. fxg4 fxg4+ 25. Kxg4 Rf4+ 26.
Kg5 Rf5+ 27. Kg6 Rf6+ 28. Kh5 Qf5+ 29. Kh4 Rh6+ 30. Kg3 Rg6+ 31. Kh4 Qg4# 0-1

[Event "?"]
[Site "?"]
[Date "2016.08.12"]
[Round "1.11"]
[White "Thierkopf, Constantin"]
[Black "Hennicken, Arnold"]
[Result "1-0"]
[WhiteElo "1619"]
[BlackElo "1407"]
[PlyCount "117"]
[EventDate "2016.??.??"]
[WhiteTeam "Brühler SK"]
[BlackTeam "SF Esch"]

1. e4 d6 2. d4 Nf6 3. Nc3 g6 4. Nf3 Bg7 5. Bc4 O-O 6. O-O Nxe4 7. Nxe4 d5 8.
Bd3 dxe4 9. Bxe4 c6 10. Re1 Qc7 11. Bg5 Nd7 12. c3 Nf6 13. Qd2 Nxe4 14. Rxe4
Re8 15. Rae1 e6 16. Bh6 Qa5 17. Bxg7 Kxg7 18. Rh4 h5 19. g4 Rh8 20. gxh5 Qf5
21. hxg6 Rxh4 22. Nxh4 Qg4+ 23. Ng2 Qxg6 24. Re3 Qb1+ 25. Ne1 Kf8 26. Rg3 Qh7
27. Qd3 Qxd3 28. Nxd3 Bd7 29. Ne5 Ke7 30. Nxd7 Kxd7 31. h4 Rh8 32. Rh3 Rh5 33.
Kg2 Ke7 34. Kg3 f5 35. Rh1 Kf6 36. Re1 Rh7 37. Rh1 Rh5 38. Kf4 c5 39. b4 cxd4
40. cxd4 Rh7 41. h5 Rd7 42. Ke3 Kg7 43. h6+ Kh7 44. a4 Rc7 45. Kd3 Rd7 46. Rh4
a6 47. a5 e5 48. Kc4 e4 49. d5 Rf7 50. Kd4 Rc7 51. Ke5 Rc2 52. Kxf5 Rxf2+ 53.
Kxe4 Re2+ 54. Kf5 Rd2 55. Ke6 Re2+ 56. Kd7 Rc2 57. d6 Rf2 58. Kd8 Rf8+ 59. Kc7
1-0

[Event "?"]
[Site "?"]
[Date "2016.08.12"]
[Round "1.12"]
[White "Breuer, Achim"]
[Black "Riesen, Peter"]
[Result "0-1"]
[WhiteElo "1404"]
[BlackElo "1613"]
[PlyCount "40"]
[EventDate "2016.??.??"]
[WhiteTeam "SV Dormagen"]
[BlackTeam "Klub Kölner SF"]

1. d4 d5 2. c4 dxc4 3. e4 e5 4. d5 Nf6 5. Nc3 c6 6. Bxc4 Bb4 7. Bg5 O-O 8. Nf3
Bg4 9. h3 Bh5 10. Qb3 Bxc3+ 11. Qxc3 Nxe4 12. Bxd8 Nxc3 13. dxc6 Nxc6 14. Bc7
Na4 15. O-O-O Rac8 16. Rd7 Nc5 17. Rd5 Rxc7 18. Rxc5 b6 19. Rd5 Bxf3 20. gxf3
Nb4 0-1

[Event "?"]
[Site "?"]
[Date "2016.08.12"]
[Round "1.13"]
[White "Lin, David"]
[Black "Reiter, Ute"]
[Result "1-0"]
[WhiteElo "1401"]
[BlackElo "1059"]
[PlyCount "86"]
[EventDate "2016.??.??"]
[WhiteTeam "Klub Kölner SF"]
[BlackTeam "Brühler SK"]

1. d4 d5 2. c4 dxc4 3. e3 Nf6 4. Bxc4 e6 5. Nf3 Be7 6. O-O O-O 7. Nc3 b6 8. b3
Bb7 9. Bb2 c5 10. Ne2 Bxf3 11. gxf3 Qc7 12. Rc1 Rd8 13. Ng3 Nc6 14. f4 Qb7 15.
Qf3 Rd7 16. Rfd1 Rad8 17. Bb5 Rc7 18. f5 a6 19. Be2 h6 20. fxe6 fxe6 21. Ba3
cxd4 22. Bxe7 Nxe7 23. Qxb7 Rxb7 24. Bxa6 Rbd7 25. Bc4 Kf7 26. exd4 Rxd4 27.
Rxd4 Rxd4 28. Re1 Ned5 29. Kg2 Rg4 30. a4 h5 31. Kf1 Rh4 32. Kg2 g5 33. f3 Rf4
34. Re5 h4 35. Ne4 Ne3+ 36. Kg1 Rxf3 37. Nxg5+ Kg6 38. Nxf3 Nfg4 39. Rxe6+ Kf5
40. Nxh4+ Kf4 41. Ng2+ Kf3 42. Rxe3+ Nxe3 43. Nxe3 Kxe3 1-0

[Event "?"]
[Site "?"]
[Date "2016.08.12"]
[Round "1.14"]
[White "Mag, Martina"]
[Black "van der Valk, Reiner"]
[Result "0-1"]
[WhiteElo "1008"]
[BlackElo "1650"]
[PlyCount "70"]
[EventDate "2016.??.??"]
[WhiteTeam "Ford SF Köln"]
[BlackTeam "SG Nettetal"]

1. e4 c6 2. d4 d5 3. exd5 cxd5 4. Bd3 Qc7 5. Nf3 Bg4 6. Nbd2 Nc6 7. c3 Nf6 8.
h3 Bh5 9. Qb3 e6 10. O-O Bd6 11. Re1 O-O 12. Re3 Rfe8 13. Nf1 Bf4 14. Re1 Bxc1
15. Raxc1 Bxf3 16. gxf3 Re7 17. Re3 Nxd4 18. Qd1 Nc6 19. Ng3 Qf4 20. Kg2 Ne5
21. Qe2 Nxd3 22. Qxd3 Rc8 23. Rh1 Rec7 24. h4 Rc4 25. h5 Qg5 26. Rh3 Rh4 27.
Rxh4 Qxh4 28. Re5 a6 29. Qe3 h6 30. Qb6 Nd7 31. Qxb7 Qd8 32. Re2 Nc5 33. Qb4
Nd3 34. Qg4 Rc4 35. Qh3 Nf4+ 0-1

[Event "?"]
[Site "?"]
[Date "2016.08.12"]
[Round "1.15"]
[White "Lehmann, Thomas"]
[Black "Yu, Moyi"]
[Result "1/2-1/2"]
[WhiteElo "1297"]
[BlackElo "983"]
[PlyCount "115"]
[EventDate "2016.??.??"]
[WhiteTeam "SV Sindorf"]
[BlackTeam "Klub Kölner SF"]

1. d4 Nf6 2. c4 g6 3. Nc3 d6 4. e4 Bg7 5. Be3 O-O 6. Bd3 e5 7. d5 c6 8. Nge2
Nbd7 9. dxc6 bxc6 10. f3 Qe7 11. Bc2 Bb7 12. O-O Rad8 13. Bxa7 c5 14. Nb5 Ba6
15. Qxd6 Qxd6 16. Nxd6 Ra8 17. Bxc5 Nxc5 18. b4 Nb7 19. Nxb7 Bxb7 20. a4 Rfc8
21. Bb3 Nh5 22. Ng3 Nf4 23. Rfd1 Rd8 24. Rxd8+ Rxd8 25. Rd1 Rxd1+ 26. Bxd1 h5
27. b5 h4 28. Ne2 Nxe2+ 29. Bxe2 Bh6 30. a5 Be3+ 31. Kf1 Bc5 32. Bd1 f5 33. Bc2
Bc8 34. b6 Bb4 35. exf5 gxf5 36. Ba4 Bxa5 37. c5 Bb7 38. Bb5 Kg7 39. c6 Bxc6
40. Bxc6 Bxb6 41. Ke2 f4 42. Kd3 Kf6 43. Ke4 Bg1 44. h3 Bc5 45. Bd7 Bd6 46. Kd5
Ba3 47. Kc6 Bb2 48. Bg4 Bd4 49. Kd6 Bf2 50. Kd7 Bd4 51. Ke8 Bf2 52. Kf8 Bc5+
53. Kg8 Bf2 54. Kh7 Bg3 55. Kh6 Bf2 56. Kh5 Bg3 57. Bc8 Bf2 58. Kg4 1/2-1/2

[Event "?"]
[Site "?"]
[Date "2016.08.12"]
[Round "1.16"]
[White "Hingst, Dieter Max Otto"]
[Black "Kogan, Gabriel"]
[Result "0-1"]
[WhiteElo "976"]
[BlackElo "1354"]
[PlyCount "66"]
[EventDate "2016.??.??"]
[WhiteTeam "Brühler SK"]
[BlackTeam "SG Porz"]

1. e4 e5 2. Nf3 Nc6 3. Bc4 Bc5 4. Nc3 Nf6 5. h3 O-O 6. d3 h6 7. Nh4 Nd4 8. Ng6
Re8 9. g4 b5 10. Bb3 Nxb3 11. cxb3 fxg6 12. Nxb5 c6 13. Nc3 Nh7 14. Rf1 Rf8 15.
b4 Bxb4 16. Qb3+ Rf7 17. Qxb4 Qh4 18. Be3 Ba6 19. Kd2 Ng5 20. Bxg5 Qxg5+ 21.
Kc2 Qh4 22. Qc5 Qxh3 23. Rad1 Qxg4 24. Qxe5 Raf8 25. Rd2 Qg2 26. Rfd1 Rxf2 27.
Rxf2 Rxf2+ 28. Kb1 Rf1 29. Qb8+ Kh7 30. Qb3 Bxd3+ 31. Ka1 Bc2 32. Rxf1 Qxf1+
33. Nb1 Qxb1# 0-1

[Event "?"]
[Site "?"]
[Date "2016.08.12"]
[Round "1.17"]
[White "Scheffler, Jürgen"]
[Black "Thodeme, Tuhin Reddi"]
[Result "1-0"]
[WhiteElo "1502"]
[BlackElo "975"]
[PlyCount "57"]
[EventDate "2016.??.??"]
[WhiteTeam "SC Prüm"]
[BlackTeam "SK Köln-Worringen"]

1. d4 e6 2. c4 Nf6 3. Nc3 Bb4 4. Qc2 c5 5. e3 Nc6 6. Nf3 Qb6 7. a3 Ba5 8. dxc5
Bxc3+ 9. Qxc3 Qxc5 10. b4 Qe7 11. Bd3 d5 12. O-O dxc4 13. Qxc4 O-O 14. Bb2 e5
15. Nd2 Be6 16. Qc2 a6 17. Ne4 Nh5 18. Nc5 Nf6 19. Rac1 Bd7 20. Rfd1 Bc8 21.
Qb1 Nd8 22. Ne4 Nh5 23. Rc5 f6 24. Be2 b6 25. Rc3 Bf5 26. Bxh5 Bxe4 27. Qxe4 f5
28. Qxa8 Ne6 29. Rc8 1-0

[Event "?"]
[Site "?"]
[Date "2016.08.12"]
[Round "1.18"]
[White "Schülgen, Severin"]
[Black "Hoferichter, Michael"]
[Result "0-1"]
[WhiteElo "927"]
[BlackElo "1569"]
[PlyCount "46"]
[EventDate "2016.??.??"]
[WhiteTeam "SK Köln-Worringen"]
[BlackTeam "Klub Kölner SF"]

1. e4 e5 2. Nf3 Nc6 3. Bc4 Nf6 4. d3 Bb4+ 5. c3 Bc5 6. d4 exd4 7. cxd4 Bb4+ 8.
Nc3 Nxe4 9. Qe2 d5 10. Bb5 O-O 11. Bd2 Nxd2 12. Qxd2 Re8+ 13. Kd1 Re4 14. Bxc6
bxc6 15. Re1 Bf5 16. a3 Bxc3 17. Qxc3 Qf6 18. Rxe4 Bxe4 19. Rc1 Re8 20. Qxc6
Bxf3+ 21. gxf3 Qxd4+ 22. Kc2 Re2+ 23. Kb3 Rxb2# 0-1

[Event "?"]
[Site "?"]
[Date "2016.08.12"]
[Round "1.19"]
[White "Kuckert, Kai"]
[Black "Karakoc, Pascal"]
[Result "1-0"]
[WhiteElo "1235"]
[BlackElo "889"]
[PlyCount "21"]
[EventDate "2016.??.??"]
[WhiteTeam "Fideler Bauer Leverkusen"]
[BlackTeam "SK Köln-Worringen"]

1. e4 e5 2. Nf3 Nc6 3. d4 f6 4. Bc4 d6 5. O-O Bg4 6. Be3 Bxf3 7. Qxf3 exd4 8.
Qh5+ g6 9. Qd5 Nge7 10. Qf7+ Kd7 11. Be6# 1-0

[Event "?"]
[Site "?"]
[Date "2016.08.12"]
[Round "1.20"]
[White "Krieger, Niklas"]
[Black "Wilde, Christian"]
[Result "0-1"]
[WhiteElo "876"]
[BlackElo "1220"]
[PlyCount "58"]
[EventDate "2016.??.??"]
[WhiteTeam "SK Köln-Worringen"]
[BlackTeam "SF Köln-Longerich"]

1. d4 d5 2. Nf3 Nf6 3. Bf4 Bf5 4. Nc3 a6 5. e3 e6 6. Bd3 Bxd3 7. cxd3 Be7 8. h3
h6 9. g4 g5 10. Be5 Nc6 11. a3 h5 12. gxh5 Rxh5 13. Bxf6 Bxf6 14. Ne5 Rh4 15.
Ng4 Kd7 16. Qf3 Be7 17. Qxf7 Qh8 18. Qf3 Rf8 19. Qg3 Bd6 20. Qg2 Rf7 21. O-O-O
Rfh7 22. Ne5+ Nxe5 23. dxe5 Bxe5 24. Qxg5 Bxc3 25. bxc3 Qxc3+ 26. Kb1 Qb3+ 27.
Kc1 Qxa3+ 28. Kc2 Qa2+ 29. Kc1 Rb4 0-1

[Event "?"]
[Site "?"]
[Date "2016.08.12"]
[Round "1.23"]
[White "Maric, Anton"]
[Black "Kees, Niclas"]
[Result "1-0"]
[WhiteElo "1116"]
[BlackElo "868"]
[PlyCount "36"]
[EventDate "2016.??.??"]
[WhiteTeam "Klub Kölner SF"]
[BlackTeam "SK Köln-Worringen"]

1. e4 e5 2. f4 f5 3. fxe5 fxe4 4. d4 d5 5. Nc3 Bb4 6. a3 Be7 7. Bf4 g5 8. Bg3
Nh6 9. Na4 Ng4 10. h3 Ne3 11. Qd2 Nc4 12. Qc1 Rg8 13. b3 Nxe5 14. Bxe5 g4 15.
Bg3 Bg5 16. Qd1 gxh3 17. gxh3 h5 18. h4 Bg4 {Die Notationen sind lückenhaft
und unleserlich. Weiss gewann nach 40 Zügen.} 1-0

[Event "?"]
[Site "?"]
[Date "2016.08.13"]
[Round "2.2"]
[White "Zilberman, Rodion"]
[Black "Havenith, Michael"]
[Result "1/2-1/2"]
[WhiteElo "1922"]
[BlackElo "1630"]
[PlyCount "66"]
[EventDate "2016.??.??"]
[WhiteTeam "SF Köln-Longerich"]
[BlackTeam "SV Würselen"]

1. d4 Nf6 2. c4 g6 3. Nc3 d5 4. Nf3 Bg7 5. Qb3 dxc4 6. Qxc4 Nbd7 7. e4 Nb6 8.
Qb3 O-O 9. Be2 Bg4 10. Be3 c6 11. Rd1 Be6 12. Qc2 Rc8 13. b3 Qc7 14. Rc1 Rfd8
15. O-O Ng4 16. e5 a6 17. Bd3 Nd5 18. Nxd5 Bxd5 19. Qe2 e6 20. Ng5 Nh6 21. f4
Nf5 22. Bxf5 exf5 23. Nf3 Qe7 24. g3 h6 25. Nd2 Rd7 26. Nc4 Bxc4 27. Rxc4 Rcd8
28. Rd1 Bf8 29. b4 Rd5 30. a4 Qd7 31. Qc2 Be7 32. Qc3 Bf8 33. Qc2 Be7 1/2-1/2

[Event "?"]
[Site "?"]
[Date "2016.08.13"]
[Round "2.3"]
[White "Riesen, Peter"]
[Black "Sewald, Richard"]
[Result "1-0"]
[WhiteElo "1613"]
[BlackElo "1736"]
[PlyCount "57"]
[EventDate "2016.??.??"]
[WhiteTeam "Klub Kölner SF"]
[BlackTeam "SG Porz"]

1. e4 c5 2. c3 d5 3. exd5 Qxd5 4. Nf3 Nc6 5. d4 cxd4 6. cxd4 Nf6 7. Nc3 Qa5 8.
Be2 e6 9. O-O Be7 10. Qb3 Qb4 11. Qxb4 Bxb4 12. Bg5 Bxc3 13. Bxf6 Bxb2 14. Bxg7
Rg8 15. Rab1 Rxg7 16. Rxb2 a6 17. Rd1 Ne7 18. Ne5 Ng6 19. Nc4 b5 20. Bf3 Rb8
21. Nd6+ Kd7 22. Nxc8 Kxc8 23. Rc2+ Kd7 24. g3 Ne7 25. Rdc1 Rgg8 26. Rc7+ Kd6
27. Ra7 Ra8 28. Rxa8 Rxa8 29. Bxa8 1-0

[Event "?"]
[Site "?"]
[Date "2016.08.13"]
[Round "2.4"]
[White "Rebischke, Florian"]
[Black "Thierkopf, Constantin"]
[Result "1/2-1/2"]
[WhiteElo "1826"]
[BlackElo "1619"]
[PlyCount "71"]
[EventDate "2016.??.??"]
[WhiteTeam "Godesberger SK"]
[BlackTeam "Brühler SK"]

1. d4 d5 2. Nf3 Nf6 3. e3 e6 4. c4 Be7 5. Nc3 O-O 6. Ne5 Nbd7 7. f4 dxc4 8.
Bxc4 c5 9. O-O cxd4 10. exd4 Qc7 11. Qe2 Nb6 12. Bb3 Rd8 13. Be3 Nbd5 14. Nxd5
Nxd5 15. Bxd5 Rxd5 16. Rfc1 Qb6 17. Rc3 Bd7 18. Rac1 Bf6 19. Rb3 Bb5 20. Qh5
Bxe5 21. fxe5 Qd8 22. Qg4 Kh8 23. Bf2 Rc8 24. Rxc8 Qxc8 25. Rc3 Qd8 26. h4 Bc6
27. h5 h6 28. Rg3 Qf8 29. b4 a5 30. a3 a4 31. Rc3 Rd8 32. Kh2 Rc8 33. Qf4 Bd7
34. Qc1 Rxc3 35. Qxc3 Qc8 36. Qxc8+ 1/2-1/2

[Event "?"]
[Site "?"]
[Date "2016.08.13"]
[Round "2.5"]
[White "Kürten, Lothar"]
[Black "Radovinski, Jewgeni"]
[Result "1/2-1/2"]
[WhiteElo "1635"]
[BlackElo "1487"]
[PlyCount "43"]
[EventDate "2016.??.??"]
[WhiteTeam "SF Köln-Longerich"]
[BlackTeam "SG Porz"]

1. e4 e5 2. Nf3 Nc6 3. d4 exd4 4. c3 dxc3 5. Nxc3 Bb4 6. Bc4 Nf6 7. O-O d6 8.
Nd5 Nxd5 9. Bxd5 Ne7 10. Bxf7+ Kxf7 11. Qb3+ d5 12. Qxb4 Rf8 13. Bg5 Qd6 14.
Bxe7 Qxe7 15. Qxe7+ Kxe7 16. exd5 Kd6 17. Rac1 Bf5 18. Nd4 a6 19. Nxf5+ Rxf5
20. Rfd1 Rc8 21. Rc3 Rxd5 22. Rxd5+ 1/2-1/2

[Event "?"]
[Site "?"]
[Date "2016.08.13"]
[Round "2.6"]
[White "Meyer zu Kniendorf, Jochen"]
[Black "Liebsch, Ulrich"]
[Result "1/2-1/2"]
[WhiteElo "1701"]
[BlackElo "1777"]
[PlyCount "48"]
[EventDate "2016.??.??"]
[WhiteTeam "Düsseldorfer SK"]
[BlackTeam "SC Bayer Leverkusen"]

1. c4 Nf6 2. g3 e5 3. Bg2 d6 4. Nf3 Be7 5. d4 exd4 6. Nxd4 O-O 7. Qb3 c6 8. Nc3
Nbd7 9. O-O Nc5 10. Qc2 Qc7 11. b4 Ne6 12. Nf5 Re8 13. Nxe7+ Rxe7 14. e3 d5 15.
cxd5 cxd5 16. Qd3 Qc4 17. Qxc4 dxc4 18. Bb2 Rb8 19. b5 b6 20. Nd5 Nxd5 21. Bxd5
Bb7 22. Bxc4 Rc8 23. Bxe6 Rxe6 24. Rac1 Ree8 1/2-1/2

[Event "?"]
[Site "?"]
[Date "2016.08.13"]
[Round "2.7"]
[White "Beißel, Daniel"]
[Black "Ipekyilmaz, Tayfun"]
[Result "0-1"]
[WhiteElo "1534"]
[BlackElo "1700"]
[PlyCount "92"]
[EventDate "2016.??.??"]
[WhiteTeam "SV Horrem"]
[BlackTeam "Langenfelder SF"]

1. d4 Nf6 2. Nf3 g6 3. e3 Bg7 4. Bd3 d5 5. Nbd2 O-O 6. O-O Nbd7 7. c3 c5 8. Re1
b6 9. e4 dxe4 10. Nxe4 Bb7 11. dxc5 Nxc5 12. Nxc5 bxc5 13. Bg5 Qd6 14. Bxf6
Bxf6 15. Be4 Qb6 16. Bxb7 Qxb7 17. Qc2 Rab8 18. Rab1 Rfd8 19. Ne5 Qd5 20. Qe4
Qxe4 21. Rxe4 Rxb2 22. Rbe1 Bxe5 23. Rxe5 Rdd2 24. Rf1 Rdc2 25. Rxe7 Rxa2 26.
Re3 Ra3 27. c4 Rxe3 28. fxe3 Rxc4 29. Ra1 Re4 30. Kf2 Re7 31. Ra5 Rc7 32. Ke2
c4 33. Kd2 Kf8 34. Kc3 Ke7 35. Rd5 Ke6 36. Rb5 f5 37. g3 Kd6 38. h3 a6 39. Rb6+
Kd5 40. Rb8 Ke4 41. Re8+ Kf3 42. g4 fxg4 43. hxg4 Kxg4 44. e4 h5 45. e5 h4 46.
Re6 h3 0-1

[Event "?"]
[Site "?"]
[Date "2016.08.13"]
[Round "2.8"]
[White "Gnass, Arno"]
[Black "Ipekyilmaz, Mert"]
[Result "1-0"]
[WhiteElo "1782"]
[BlackElo "1489"]
[PlyCount "89"]
[EventDate "2016.??.??"]
[WhiteTeam "Bergische SF"]
[BlackTeam "Langenfelder SF"]

1. d4 Nf6 2. Nf3 d5 3. e3 e6 4. Bd3 c5 5. b3 Nc6 6. Bb2 Bd7 7. O-O Qc7 8. a3
cxd4 9. exd4 Be7 10. Re1 O-O 11. Nbd2 h6 12. c4 Rad8 13. Rc1 Qb6 14. cxd5 Nxd5
15. Nc4 Qc7 16. Nce5 Qb8 17. Nxd7 Rxd7 18. Bb5 Rc7 19. Bxc6 Rxc6 20. Rxc6 bxc6
21. Ne5 Qb7 22. b4 c5 23. dxc5 Bxc5 24. Qg4 f5 25. Qg6 Nf6 26. Nd3 Bd6 27. Rxe6
Qd5 28. Re3 Bf4 29. Bxf6 Rxf6 30. Qe8+ Kh7 31. Nxf4 Qd1+ 32. Re1 Qg4 33. g3 Ra6
34. Qe2 Qxe2 35. Rxe2 Rxa3 36. Re7 Kg8 37. Ne6 Ra1+ 38. Kg2 g5 39. Rg7+ Kh8 40.
Rf7 Ra4 41. b5 Ra5 42. Rxf5 a6 43. Nc7 axb5 44. Rxb5 Ra7 45. Nd5 1-0

[Event "?"]
[Site "?"]
[Date "2016.08.13"]
[Round "2.9"]
[White "Michels, Fabio"]
[Black "Scheffler, Jürgen"]
[Result "1-0"]
[WhiteElo "1824"]
[BlackElo "1502"]
[PlyCount "67"]
[EventDate "2016.??.??"]
[WhiteTeam "SG Mörsdorf-Lahr"]
[BlackTeam "SC Prüm"]

1. c4 c5 2. Nc3 Nf6 3. g3 e6 4. Bg2 d5 5. cxd5 exd5 6. e3 Nc6 7. Nf3 Be6 8. d4
c4 9. O-O a6 10. a4 Bd6 11. Ng5 O-O 12. e4 Bb4 13. exd5 Nxd5 14. Nxd5 Bxd5 15.
Qc2 g6 16. Rd1 Be7 17. Nf3 Rc8 18. Be3 Bf6 19. Ne5 Bxg2 20. Kxg2 Qd5+ 21. Nf3
Nb4 22. Qc3 a5 23. Ra3 h5 24. h4 Be7 25. Raa1 Rc6 26. Re1 Nd3 27. Bh6 Nxe1+ 28.
Rxe1 Re8 29. Re5 Qd7 30. d5 Rd6 31. Rxe7 f6 32. Rxd7 Rxd7 33. Qxf6 Rf7 34.
Qxg6+ 1-0